| 000 -LEADER |
| fixed length control field |
06753 a2200805 4500 |
| 003 - CONTROL NUMBER IDENTIFIER |
| control field |
Nust |
| 005 - DATE AND TIME OF LATEST TRANSACTION |
| control field |
20170207171638.0 |
| 035 ## - SYSTEM CONTROL NUMBER |
| System control number |
(CaPaEBR)ebr10142560 |
| 035 ## - SYSTEM CONTROL NUMBER |
| System control number |
(EBZ)ebs297579e |
| 035 ## - SYSTEM CONTROL NUMBER |
| System control number |
(EBZ)ebs297579e |
| 035 ## - SYSTEM CONTROL NUMBER |
| System control number |
(EBZ)ebs297579e |
| 035 ## - SYSTEM CONTROL NUMBER |
| System control number |
(EBZ)ebs297579e |
| 035 ## - SYSTEM CONTROL NUMBER |
| System control number |
(EBZ)ebs297579e |
| 035 ## - SYSTEM CONTROL NUMBER |
| System control number |
(EBZ)ebs297579e |
| 035 ## - SYSTEM CONTROL NUMBER |
| System control number |
(EBZ)ebs297579e |
| 035 ## - SYSTEM CONTROL NUMBER |
| System control number |
(EBZ)ebs297579e |
| 035 ## - SYSTEM CONTROL NUMBER |
| System control number |
(WaSeSS)ssj0000078257 |
| 035 ## - SYSTEM CONTROL NUMBER |
| System control number |
(WaSeSS)ssj0000078257 |
| 035 ## - SYSTEM CONTROL NUMBER |
| System control number |
(WaSeSS)ssj0000078257 |
| 035 ## - SYSTEM CONTROL NUMBER |
| System control number |
(WaSeSS)ssj0000078257 |
| 035 ## - SYSTEM CONTROL NUMBER |
| System control number |
(WaSeSS)ssj0000078257 |
| 035 ## - SYSTEM CONTROL NUMBER |
| System control number |
(WaSeSS)ssj0000078257 |
| 035 ## - SYSTEM CONTROL NUMBER |
| System control number |
(WaSeSS)ssj0000078257 |
| 035 ## - SYSTEM CONTROL NUMBER |
| System control number |
(WaSeSS)ssj0000078257 |
| 040 ## - CATALOGING SOURCE |
| Transcribing agency |
Nust |
| 082 ## - DEWEY DECIMAL CLASSIFICATION NUMBER |
| Classification number |
005.8068 |
| 100 1# - MAIN ENTRY--PERSONAL NAME |
| Personal name |
Snedaker, Susan. |
| 245 10 - TITLE STATEMENT |
| Title |
Syngress IT security project management handbook (E-Book) |
| Medium |
[Elektronisk resurs] |
| Statement of responsibility, etc. |
Susan Snedaker ; Russ Rogers, technical editor. |
| 246 30 - VARYING FORM OF TITLE |
| Title proper/short title |
IT security project management handbook |
| 260 ## - PUBLICATION, DISTRIBUTION, ETC. |
| Place of publication, distribution, etc. |
Rockland, MA : |
| Name of publisher, distributor, etc. |
Syngress Publishing, |
| Date of publication, distribution, etc. |
c2006. |
| 300 ## - PHYSICAL DESCRIPTION |
| Extent |
xxvi, 612 p. : |
| Other physical details |
ill. |
| 500 ## - GENERAL NOTE |
| General note |
Includes index. |
| 505 0# - FORMATTED CONTENTS NOTE |
| Formatted contents note |
Ch. 1. IT security project management building blocks -- Ch. 2. Defining the security project -- Ch. 3. Organizing the IT security project -- Ch. 4. Building quality into IT security projects -- Ch. 5. Forming the IT security project team -- Ch. 6. Planning the IT security project -- Ch. 7. Managing the IT security project -- Ch. 8. Closing out the IT security project -- Ch. 9. Corporate IT security project plan -- Ch. 10. General IT security plan -- Ch. 11. IT Infrastructure security plan -- Ch. 12. Wireless security project plan -- Ch. 13. IT operational security plan. |
| 650 #0 - SUBJECT ADDED ENTRY--TOPICAL TERM |
| Topical term or geographic name entry element |
Computer networks |
| General subdivision |
Security measures |
| 650 #0 - SUBJECT ADDED ENTRY--TOPICAL TERM |
| Topical term or geographic name entry element |
Computer security |
| General subdivision |
Management |
| 651 ## - SUBJECT ADDED ENTRY--GEOGRAPHIC NAME |
| Geographic name |
E-Book |
| 655 #7 - INDEX TERM--GENRE/FORM |
| Genre/form data or focus term |
Electronic books. |
| 700 1# - ADDED ENTRY--PERSONAL NAME |
| Personal name |
Rogers, Russ. |
| 856 40 - ELECTRONIC LOCATION AND ACCESS |
| Uniform Resource Identifier |
<a href="http://costello.pub.hb.se/login?url=http://site.ebrary.com/lib/boras/Top?id=10142560">http://costello.pub.hb.se/login?url=http://site.ebrary.com/lib/boras/Top?id=10142560</a> |
| 856 40 - ELECTRONIC LOCATION AND ACCESS |
| Uniform Resource Identifier |
<a href="http://db.ub.oru.se/login?url=http://site.ebrary.com/lib/universitetsbiblioteket/Top?id=10142560">http://db.ub.oru.se/login?url=http://site.ebrary.com/lib/universitetsbiblioteket/Top?id=10142560</a> |
| 856 40 - ELECTRONIC LOCATION AND ACCESS |
| Uniform Resource Identifier |
<a href="http://ep.bib.mdh.se/login?url=http://search.ebscohost.com/login.aspx?direct=true&scope=site&db=e000xww&AN=163063">http://ep.bib.mdh.se/login?url=http://search.ebscohost.com/login.aspx?direct=true&scope=site&db=e000xww&AN=163063</a> |
| 856 40 - ELECTRONIC LOCATION AND ACCESS |
| Uniform Resource Identifier |
<a href="http://ep.bib.mdh.se/login?url=http://search.ebscohost.com/login.aspx?direct=true&scope=site&db=nlebk&db=nlabk&AN=163063">http://ep.bib.mdh.se/login?url=http://search.ebscohost.com/login.aspx?direct=true&scope=site&db=nlebk&db=nlabk&AN=163063</a> |
| 856 40 - ELECTRONIC LOCATION AND ACCESS |
| Uniform Resource Identifier |
<a href="http://ezproxy.bib.hh.se/login?url=http://site.ebrary.com/lib/halmstad/Top?id=10142560">http://ezproxy.bib.hh.se/login?url=http://site.ebrary.com/lib/halmstad/Top?id=10142560</a> |
| 856 40 - ELECTRONIC LOCATION AND ACCESS |
| Uniform Resource Identifier |
<a href="http://ezproxy.its.uu.se/login?url=http://site.ebrary.com/lib/uppsala/Top?id=10142560">http://ezproxy.its.uu.se/login?url=http://site.ebrary.com/lib/uppsala/Top?id=10142560</a> |
| 856 40 - ELECTRONIC LOCATION AND ACCESS |
| Uniform Resource Identifier |
<a href="http://link.sub.su.se/sfxsub?url_ver=Z39.88-2004&ctx_ver=Z39.88-2004&ctx_enc=info:ofi/enc:UTF-8&rfr_id=info:sid/sfxit.com:opac_856&url_ctx_fmt=info:ofi/fmt:kev:mtx:ctx&sfx.ignore_date_threshold=1&rft.object_id=1000000000298108&svc_val_fmt=info:ofi/fmt:kev:mtx:sch_svc&">http://link.sub.su.se/sfxsub?url_ver=Z39.88-2004&ctx_ver=Z39.88-2004&ctx_enc=info:ofi/enc:UTF-8&rfr_id=info:sid/sfxit.com:opac_856&url_ctx_fmt=info:ofi/fmt:kev:mtx:ctx&sfx.ignore_date_threshold=1&rft.object_id=1000000000298108&svc_val_fmt=info:ofi/fmt:kev:mtx:sch_svc&</a> |
| 856 40 - ELECTRONIC LOCATION AND ACCESS |
| Uniform Resource Identifier |
<a href="http://ludwig.lub.lu.se/login?url=http://www.sciencedirect.com/science/book/9781597490764">http://ludwig.lub.lu.se/login?url=http://www.sciencedirect.com/science/book/9781597490764</a> |
| 856 40 - ELECTRONIC LOCATION AND ACCESS |
| Uniform Resource Identifier |
<a href="http://miman.bib.bth.se/login?url=http://proquest.safaribooksonline.com/1597490768">http://miman.bib.bth.se/login?url=http://proquest.safaribooksonline.com/1597490768</a> |
| 856 40 - ELECTRONIC LOCATION AND ACCESS |
| Uniform Resource Identifier |
<a href="http://miman.bib.bth.se/login?url=http://site.ebrary.com/lib/bthbib/Top?id=10142560">http://miman.bib.bth.se/login?url=http://site.ebrary.com/lib/bthbib/Top?id=10142560</a> |
| 856 40 - ELECTRONIC LOCATION AND ACCESS |
| Uniform Resource Identifier |
<a href="http://proxy.lib.chalmers.se/login?url=http://library.books24x7.com/library.asp?^B&bookid=14082">http://proxy.lib.chalmers.se/login?url=http://library.books24x7.com/library.asp?^B&bookid=14082</a> |
| 856 40 - ELECTRONIC LOCATION AND ACCESS |
| Uniform Resource Identifier |
<a href="http://proxy.lib.chalmers.se/login?url=http://site.ebrary.com/lib/chalmers/Top?id=10142560">http://proxy.lib.chalmers.se/login?url=http://site.ebrary.com/lib/chalmers/Top?id=10142560</a> |
| 856 40 - ELECTRONIC LOCATION AND ACCESS |
| Uniform Resource Identifier |
<a href="http://proxy.lib.chalmers.se/login?url=http://www.sciencedirect.com/science/book/9781597490764">http://proxy.lib.chalmers.se/login?url=http://www.sciencedirect.com/science/book/9781597490764</a> |
| 856 40 - ELECTRONIC LOCATION AND ACCESS |
| Uniform Resource Identifier |
<a href="http://proxy.lib.ltu.se/login?url=http://search.ebscohost.com/login.aspx?direct=true&scope=site&db=e000xww&AN=163063">http://proxy.lib.ltu.se/login?url=http://search.ebscohost.com/login.aspx?direct=true&scope=site&db=e000xww&AN=163063</a> |
| 856 40 - ELECTRONIC LOCATION AND ACCESS |
| Uniform Resource Identifier |
<a href="http://proxy.lib.ltu.se/login?url=http://search.ebscohost.com/login.aspx?direct=true&scope=site&db=nlebk&db=nlabk&AN=163063">http://proxy.lib.ltu.se/login?url=http://search.ebscohost.com/login.aspx?direct=true&scope=site&db=nlebk&db=nlabk&AN=163063</a> |
| 856 40 - ELECTRONIC LOCATION AND ACCESS |
| Uniform Resource Identifier |
<a href="http://proxy.lnu.se/login?url=http://search.ebscohost.com/login.aspx?direct=true&scope=site&db=e000xww&AN=163063">http://proxy.lnu.se/login?url=http://search.ebscohost.com/login.aspx?direct=true&scope=site&db=e000xww&AN=163063</a> |
| 856 40 - ELECTRONIC LOCATION AND ACCESS |
| Uniform Resource Identifier |
<a href="http://proxy.lnu.se/login?url=http://search.ebscohost.com/login.aspx?direct=true&scope=site&db=nlebk&db=nlabk&AN=163063">http://proxy.lnu.se/login?url=http://search.ebscohost.com/login.aspx?direct=true&scope=site&db=nlebk&db=nlabk&AN=163063</a> |
| 856 40 - ELECTRONIC LOCATION AND ACCESS |
| Uniform Resource Identifier |
<a href="http://sfx-46htu.hosted.exlibrisgroup.com/46htu?url_ver=Z39.88-2004&ctx_ver=Z39.88-2004&ctx_enc=info:ofi/enc:UTF-8&rfr_id=info:sid/sfxit.com:opac_856&url_ctx_fmt=info:ofi/fmt:kev:mtx:ctx&sfx.ignore_date_threshold=1&rft.object_id=1000000000298108&svc_val_fmt=info:ofi/fmt:kev:mtx:sch_svc&">http://sfx-46htu.hosted.exlibrisgroup.com/46htu?url_ver=Z39.88-2004&ctx_ver=Z39.88-2004&ctx_enc=info:ofi/enc:UTF-8&rfr_id=info:sid/sfxit.com:opac_856&url_ctx_fmt=info:ofi/fmt:kev:mtx:ctx&sfx.ignore_date_threshold=1&rft.object_id=1000000000298108&svc_val_fmt=info:ofi/fmt:kev:mtx:sch_svc&</a> |
| 856 40 - ELECTRONIC LOCATION AND ACCESS |
| Uniform Resource Identifier |
<a href="http://sfxeu10.hosted.exlibrisgroup.com/sfxjon/?url_ver=Z39.88-2004&ctx_ver=Z39.88-2004&ctx_enc=info:ofi/enc:UTF-8&rfr_id=info:sid/sfxit.com:opac_856&url_ctx_fmt=info:ofi/fmt:kev:mtx:ctx&sfx.ignore_date_threshold=1&rft.object_id=1000000000298108&svc_val_fmt=info:ofi/fmt:kev:mtx:sch_svc&">http://sfxeu10.hosted.exlibrisgroup.com/sfxjon/?url_ver=Z39.88-2004&ctx_ver=Z39.88-2004&ctx_enc=info:ofi/enc:UTF-8&rfr_id=info:sid/sfxit.com:opac_856&url_ctx_fmt=info:ofi/fmt:kev:mtx:ctx&sfx.ignore_date_threshold=1&rft.object_id=1000000000298108&svc_val_fmt=info:ofi/fmt:kev:mtx:sch_svc&</a> |
| 856 40 - ELECTRONIC LOCATION AND ACCESS |
| Uniform Resource Identifier |
<a href="http://sfxeu11.hosted.exlibrisgroup.com/mah?url_ver=Z39.88-2004&ctx_ver=Z39.88-2004&ctx_enc=info:ofi/enc:UTF-8&rfr_id=info:sid/sfxit.com:opac_856&url_ctx_fmt=info:ofi/fmt:kev:mtx:ctx&sfx.ignore_date_threshold=1&rft.object_id=1000000000298108&svc_val_fmt=info:ofi/fmt:kev:mtx:sch_svc&">http://sfxeu11.hosted.exlibrisgroup.com/mah?url_ver=Z39.88-2004&ctx_ver=Z39.88-2004&ctx_enc=info:ofi/enc:UTF-8&rfr_id=info:sid/sfxit.com:opac_856&url_ctx_fmt=info:ofi/fmt:kev:mtx:ctx&sfx.ignore_date_threshold=1&rft.object_id=1000000000298108&svc_val_fmt=info:ofi/fmt:kev:mtx:sch_svc&</a> |
| 856 40 - ELECTRONIC LOCATION AND ACCESS |
| Uniform Resource Identifier |
<a href="http://sfxeu11.hosted.exlibrisgroup.com/sfxslub?url_ver=Z39.88-2004&ctx_ver=Z39.88-2004&ctx_enc=info:ofi/enc:UTF-8&rfr_id=info:sid/sfxit.com:opac_856&url_ctx_fmt=info:ofi/fmt:kev:mtx:ctx&sfx.ignore_date_threshold=1&rft.object_id=1000000000298108&svc_val_fmt=info:ofi/fmt:kev:mtx:sch_svc&">http://sfxeu11.hosted.exlibrisgroup.com/sfxslub?url_ver=Z39.88-2004&ctx_ver=Z39.88-2004&ctx_enc=info:ofi/enc:UTF-8&rfr_id=info:sid/sfxit.com:opac_856&url_ctx_fmt=info:ofi/fmt:kev:mtx:ctx&sfx.ignore_date_threshold=1&rft.object_id=1000000000298108&svc_val_fmt=info:ofi/fmt:kev:mtx:sch_svc&</a> |
| 856 40 - ELECTRONIC LOCATION AND ACCESS |
| Uniform Resource Identifier |
<a href="http://sfxeu11.hosted.exlibrisgroup.com/sfxumub?url_ver=Z39.88-2004&ctx_ver=Z39.88-2004&ctx_enc=info:ofi/enc:UTF-8&rfr_id=info:sid/sfxit.com:opac_856&url_ctx_fmt=info:ofi/fmt:kev:mtx:ctx&sfx.ignore_date_threshold=1&rft.object_id=1000000000298108&svc_val_fmt=info:ofi/fmt:kev:mtx:sch_svc&">http://sfxeu11.hosted.exlibrisgroup.com/sfxumub?url_ver=Z39.88-2004&ctx_ver=Z39.88-2004&ctx_enc=info:ofi/enc:UTF-8&rfr_id=info:sid/sfxit.com:opac_856&url_ctx_fmt=info:ofi/fmt:kev:mtx:ctx&sfx.ignore_date_threshold=1&rft.object_id=1000000000298108&svc_val_fmt=info:ofi/fmt:kev:mtx:sch_svc&</a> |
| 856 40 - ELECTRONIC LOCATION AND ACCESS |
| Uniform Resource Identifier |
<a href="http://site.ebrary.com/lib/[[channelname]]/Top?channelName=[[channelname]]&cpage=1&docID=10142560">http://site.ebrary.com/lib/[[channelname]]/Top?channelName=[[channelname]]&cpage=1&docID=10142560</a> |
| 856 40 - ELECTRONIC LOCATION AND ACCESS |
| Uniform Resource Identifier |
<a href="http://webproxy.student.hig.se:2048/login?url=http://search.ebscohost.com/login.aspx?direct=true&scope=site&db=e000xww&AN=163063">http://webproxy.student.hig.se:2048/login?url=http://search.ebscohost.com/login.aspx?direct=true&scope=site&db=e000xww&AN=163063</a> |
| 856 40 - ELECTRONIC LOCATION AND ACCESS |
| Uniform Resource Identifier |
<a href="http://webproxy.student.hig.se:2048/login?url=http://search.ebscohost.com/login.aspx?direct=true&scope=site&db=nlebk&db=nlabk&AN=163063">http://webproxy.student.hig.se:2048/login?url=http://search.ebscohost.com/login.aspx?direct=true&scope=site&db=nlebk&db=nlabk&AN=163063</a> |
| 856 40 - ELECTRONIC LOCATION AND ACCESS |
| Uniform Resource Identifier |
<a href="http://www.du.se/proxy.aspx?url=http://site.ebrary.com/lib/dalarna/Top?id=10142560">http://www.du.se/proxy.aspx?url=http://site.ebrary.com/lib/dalarna/Top?id=10142560</a> |
| 856 40 - ELECTRONIC LOCATION AND ACCESS |
| Uniform Resource Identifier |
<a href="https://login.bibproxy.kau.se:8443/login?url=http://search.ebscohost.com/login.aspx?direct=true&scope=site&db=e000xww&AN=163063">https://login.bibproxy.kau.se:8443/login?url=http://search.ebscohost.com/login.aspx?direct=true&scope=site&db=e000xww&AN=163063</a> |
| 856 40 - ELECTRONIC LOCATION AND ACCESS |
| Uniform Resource Identifier |
<a href="https://login.bibproxy.kau.se:8443/login?url=http://search.ebscohost.com/login.aspx?direct=true&scope=site&db=nlebk&db=nlabk&AN=163063">https://login.bibproxy.kau.se:8443/login?url=http://search.ebscohost.com/login.aspx?direct=true&scope=site&db=nlebk&db=nlabk&AN=163063</a> |
| 856 40 - ELECTRONIC LOCATION AND ACCESS |
| Uniform Resource Identifier |
<a href="https://login.e.bibl.liu.se/login?url=http://library.books24x7.com/library.asp?^B&bookid=14082">https://login.e.bibl.liu.se/login?url=http://library.books24x7.com/library.asp?^B&bookid=14082</a> |
| 856 40 - ELECTRONIC LOCATION AND ACCESS |
| Uniform Resource Identifier |
<a href="https://login.e.bibl.liu.se/login?url=http://site.ebrary.com/lib/linkoping/Top?channelName=linkoping&cpage=1&docID=10142560">https://login.e.bibl.liu.se/login?url=http://site.ebrary.com/lib/linkoping/Top?channelName=linkoping&cpage=1&docID=10142560</a> |
| 856 40 - ELECTRONIC LOCATION AND ACCESS |
| Uniform Resource Identifier |
<a href="https://login.proxy.annalindhbiblioteket.se/login?url=http://search.ebscohost.com/login.aspx?direct=true&scope=site&db=e000xww&AN=163063">https://login.proxy.annalindhbiblioteket.se/login?url=http://search.ebscohost.com/login.aspx?direct=true&scope=site&db=e000xww&AN=163063</a> |
| 942 ## - ADDED ENTRY ELEMENTS (KOHA) |
| Source of classification or shelving scheme |
|
| Koha item type |
Book |